| 000 | 00551nam a22001937a 4500 | ||
|---|---|---|---|
| 005 | 20240409152654.0 | ||
| 010 | _aB-758629 | ||
| 020 |
_c509.95 _a0671732943 |
||
| 035 | _aB-758629 | ||
| 037 | _bGift/Unesco | ||
| 082 | _a301.32 | ||
| 100 |
_aEhrlich, Paul R. _964516 |
||
| 245 |
_aThe Population Explosion/ _cPaul R. Ehrlich[and] Anne H. Ehrlich |
||
| 260 |
_aNew York _bA Touchstone Book |
||
| 270 | _aNew York | ||
| 300 |
_a320p.; _c21cm(pbk) _bIndex |
||
| 700 |
_aEhrlich, Anne H. _964517 |
||
| 942 |
_2ddc _cEN _h301.32 _mEHR |
||
| 999 |
_c202029 _d202029 |
||